|
|
|
|
| LEADER |
01224nam a2200301 a 4500 |
| 001 |
13966827 |
| 003 |
BD-DhAAL |
| 005 |
20230709140420.0 |
| 008 |
090715s2005 bg b b 000 0 eng d |
| 010 |
|
|
|a 2005310223
|
| 020 |
|
|
|a 9840517090
|
| 040 |
|
|
|a DLC
|c DLC
|d BD-DhAAL
|
| 082 |
0 |
0 |
|a 363.34/93/09549
|2 22
|
| 245 |
0 |
0 |
|a Options for self-reliant resurgence :
|b CPD's rapid assessment of flood 2004 /
|c Centre for Policy Dialogue (Bangladesh)
|
| 260 |
|
|
|a Dhaka :
|b Centre for Policy Dialogue :
|b University Press,
|c 2005.
|
| 300 |
|
|
|a xix, 109 pages :
|b maps (some col) ;
|c 25 cm.
|
| 504 |
|
|
|a Includes bibliographical references (p. [71]).
|
| 520 |
|
|
|a With reference to Bangladesh.
|
| 541 |
1 |
|
|e 00018823
|
| 650 |
|
0 |
|a Floods
|z Bangladesh.
|
| 650 |
|
0 |
|a Food supply
|z Bangladesh.
|9 47011
|
| 650 |
|
0 |
|a Food relief
|z Bangladesh.
|9 54998
|
| 650 |
|
0 |
|a Disaster relief
|z Bangladesh.
|
| 710 |
2 |
|
|a Centre for Policy Dialogue (Bangladesh)
|
| 852 |
4 |
|
|a Ayesha Abed Library
|j General shelf
|
| 942 |
|
|
|2 ddc
|c BK
|
| 999 |
|
|
|c 2481
|d 2481
|
| 952 |
|
|
|0 0
|1 0
|2 ddc
|4 0
|6 363_340000000000000_93_09549_OPT
|7 0
|9 2296
|a BIGD
|b BIGD
|c GEN
|d 2009-07-15
|e BDI
|l 0
|o 363.349309549 OPT
|p 3050018823
|r 2009-07-16
|t 1
|w 2009-07-16
|y BK
|x Transferred from BDI to BIGD.
|